| 000 | 00671nam a2200241Ia 4500 | ||
|---|---|---|---|
| 003 | OSt | ||
| 005 | 20220928112618.0 | ||
| 006 | a|||||r|||| 00| 0 | ||
| 007 | ta | ||
| 008 | 220927b |||||||| |||| 00| 0 eng d | ||
| 024 | _a66051 | ||
| 037 | _cTextual | ||
| 040 |
_aSDCL _cSDCL _beng |
||
| 041 |
_2eng _aeng |
||
| 082 | _aX:5171:(Z2), P3 | ||
| 100 |
_aAgarwal V K _9428995 |
||
| 245 | 0 | _aConsumer protection | |
| 260 |
_aNew Delhi _bB L H Publishers' Distributors _c2005 |
||
| 300 |
_alxxii,1043p.Bibp1044-1059 _ccm. |
||
| 650 |
_aConsumer Protection Law _9428996 |
||
| 942 |
_hX:5171:(Z2), P3 _cTEXL _2CC |
||
| 999 |
_c745477 _d745477 |
||